Teoría y problemas de circuitos eléctricos /
Guardado en:
| Autor Principal: | |
|---|---|
| Otros Autores: | |
| Formato: | Libro |
| Idioma: | Spanish English |
| Publicado: |
México :
Libros McGraw-Hill,
c1970.
|
| Series: | Schaum's outline series
|
| Materias: | |
| Etiquetas: |
Agregar Etiqueta
Sin Etiquetas, Sea el primero en etiquetar este registro!
|
| LEADER | 01107nam a22002895a 4500 | ||
|---|---|---|---|
| 001 | EIQ.libpla002715 | ||
| 008 | 070725s1970####mx#a##########001#0#spa#d | ||
| 005 | 20150619130922.0 | ||
| 245 | 1 | 0 | |a Teoría y problemas de circuitos eléctricos / |c por Joseph A. Edminister ; traducción y adaptación Angel Gutiérrez Vázquez. |
| 260 | |a México : |b Libros McGraw-Hill, |c c1970. | ||
| 300 | |a 289 p. : |b il. ; |c 27,5 cm. | ||
| 490 | 1 | |a Serie de compendios Schaum | |
| 500 | |a Traducido de la primera edición de: Electric circuits. | ||
| 500 | |a Incluye 50 problemas resueltos. | ||
| 500 | |a Incluye índice. | ||
| 020 | |a 0070915504 | ||
| 100 | 1 | |a Edminister, Joseph A. | |
| 700 | 1 | |a Gutiérrez Vásquez, Angel, |e tr. |4 trl | |
| 830 | 0 | |a Schaum's outline series | |
| 246 | 3 | |a Teoría y problemas de circuitos eléctricos | |
| 650 | 4 | |a Circuitos eléctricos |x Teoría. | |
| 650 | 4 | |a Circuitos eléctricos |x Problemas. | |
| 650 | 4 | |a Electric circuits |x Problems. | |
| 650 | 4 | |a Electric circuits |x Theory. | |
| 040 | |a AR-BbSID |b spa |c AR-BbSID | ||
| 041 | 1 | |a spa |h eng | |
| 859 | |a AR-BbSID |b BIB. PLAPIQUI |h 621.304 |i Ed 57 |p 6005 | ||
